000 00626nam a2200205Ia 4500
999 _c35647
_d35647
003 GCL
005 20240530102943.0
008 140319s9999 xx 000 0 ara d
040 _aGCL /
_cGCL
082 0 4 _a780.9
_bخ ت
100 1 _aخيرى ابراهيم الملط
245 1 0 _aتاريخ وتذوق الموسيقى العربية والعالمية /
_cخيرى ابراهيم الملط
260 _a[S.N] :
_bلا يوجد ،
_c1994
300 _a142 ص
650 0 4 _aالموسيقى
650 0 4 _aالفن
650 0 4 _aالتذوق الموسيقى
650 0 4 _aتاريخ ونقد
942 _2ddc
_cBK